Podnikanie na vidieku (Obchodné právo EÚ I) zborník príspevkov z medzinárodnej vedeckej konferencie, Poľný Kesov 12.-13. mája 2011, Slovensko

Bibliographic Details
Other Authors: Taliga, František, 1948- (Compiler), Takáč, Ivan (Compiler)
Format: Software eBook
Language:Slovak
Czech
English
PhysicalDescription:1 elektronický optický disk (CD-ROM) fareb. 12 cm
Published: V Nitre Slovenská poľnohospodárska univerzita 2011
ISBN:9788055205847 (elektronická kniha)
Edition:1.vyd.
Subjects:

MARC

LEADER 00000nam a2200000 a 4500
001 vtls010427911
003 SK-MaSNL
005 20260425230050.0
007 co cg muuua
008 120606s2011 xo fs 100 0 slo
015 |a SNBS2014 
020 |a 9788055205847 (elektronická kniha) 
040 |a SNK  |b slo  |c SNK  |e AACR2 
041 0 |a slo  |a cze  |a eng 
043 |a e------  |a e-xo--- 
044 |a xo  |c SK 
072 7 |a 332  |x Regionálna ekonómia, regionálna ekonomika  |2 konspekt 
072 7 |a 658  |x Riadenie a správa podniku  |2 konspekt 
072 7 |a 502  |x Životné prostredie a jeho ochrana  |2 konspekt 
080 |a 332.334.4:63  |2 2001 
080 |a 502:338.23  |2 2001 
080 |a 711.3  |2 2001 
080 |a 658.114  |2 2001 
080 |a [339.924+327](4)  |2 2001 
080 |a 63  |2 2001 
080 |a (437.6)  |2 2001 
080 |a (4)  |2 2001 
080 |a (062.534)  |2 2001 
080 |a (0.034.44)  |2 2001 
245 0 0 |a Podnikanie na vidieku (Obchodné právo EÚ I)  |h elektronický zdroj  |b zborník príspevkov z medzinárodnej vedeckej konferencie, Poľný Kesov 12.-13. mája 2011, Slovensko  |c zostavil: František Taliga, Ivan Takáč 
246 1 1 |a Enterpreneurship in rural areas (EU business law I) 
250 |a 1.vyd. 
260 |a V Nitre  |b Slovenská poľnohospodárska univerzita  |c 2011 
300 |a 1 elektronický optický disk (CD-ROM)  |b fareb.  |c 12 cm 
500 |a V tiráži je chybne uvedený rok vydania 2010 
500 |a Názov z titulnej obrazovky 
504 |a Bibliogr. odkazy 
516 |a Textový dokument (zborník), súbory vo formáte html, pdf 
536 |a Projekty Jean Monnet č. 154239-LLP-1-2009-1-SK-AJM-MO a č. 175785-LLP-1-2010-1-SK-AJM-MO 
538 |a Technické požiadavky: internetový prehliadač, PDF prehliadač 
546 |a Text čiast. aj angl., čes. 
650 0 7 |a rozvoj vidieka  |2 SNKPH  |9 2927 
650 0 7 |a podnikanie  |2 SNKPH  |9 1757 
650 0 7 |a využitie poľnohospodárskej pôdy  |2 SNKPH  |9 73610 
650 0 7 |a poľnohospodárstvo  |2 SNKPH  |9 679 
650 0 7 |a environmentálna politika  |2 SNKPH  |9 4245 
650 0 7 |a politiky Európskej únie  |2 SNKPH  |9 100508 
650 0 7 |a Rural development  |2 SNKPHeng  |9 317801 
650 0 7 |a Business  |2 SNKPHeng  |9 268171 
650 0 7 |a Agricultural land use  |2 SNKPHeng  |9 404472 
650 0 7 |a Environmental policy  |2 SNKPHeng  |9 309834 
650 0 7 |a Agriculture  |2 SNKPHeng  |9 265172 
650 0 7 |a European policies  |2 SNKPHeng  |9 319900 
651 7 |a Slovensko  |2 SNKPH  |9 14231 
651 7 |a Slovakia  |2 SNKPHeng  |9 92630 
655 7 |a elektronické zdroje  |2 SNKPH  |9 90954 
655 7 |a CD-ROM  |2 SNKPH  |9 70236 
655 7 |a zborníky konferencií  |2 SNKPH  |9 70153 
655 7 |a Proceedings of conferences  |2 SNKPHeng  |9 265791 
655 7 |a Electronic resources  |2 SNKPHeng  |9 175546 
700 1 |a Taliga, František,  |d 1948-  |4 com  |9 258463 
700 1 |a Takáč, Ivan  |4 com  |9 324918 
752 |a Slovensko  |d Nitra 
919 |a 978-80-552-0584-7 
958 |a NB 
999 |c 665652  |d 667582 
952 |a SNK  |b SNK  |y PREZ  |7 0  |p 17A0954395  |o snkSCDM 4812  |i snk2012/10944  |8 0  |0 0  |1 0  |4 0  |d 2012-06-06  |l 0  |r 2026-02-23 19:08:10  |w 2026-02-23